• 首页
  • 本馆介绍
  • 公告通知
  • 最新文献
  • 馆藏检索
  • 电子资源
  • 读者导购
  • 参考咨询
  • 我的图书馆
  • 登录
  • 详细信息显示
  • 放入我的书架
  • 预约/预借图书
  • 作者相关作品
  • 分类相关作品
  • 丛书相关作品
  • 出版社相关作品

书目信息

  • 表格格式
  • 工作单格式
  • 卡片格式
题名:
生活小窍门
    
 
作者: 纪丹丹 主编
分册:  
出版信息: 北京   中国社会出版社  2004
页数: 26,352页
开本: 20cm
丛书名: 新编现代生活系列丛书
单 册:
中图分类: S976 , TS976
科图分类:
主题词: 生活--知识 , 生活 , 家庭管理
电子资源:
ISBN: 7-5087-0191-7
000 00840oam2 2200289 45
001 LZJ146283
005 20070127102402.85
010    @a7-5087-0191-7@dCNY29.80
092    @aCN@b155569
100    @a20050718d2004 em y0chiy0120 ea
101 0  @achi
102    @aCN@b110000
105    @ay z 000yy
200 1  @a生活小窍门@9sheng huo xiao qiao men@f纪丹丹主编
210    @a北京@c中国社会出版社@d2004
215    @a26,352页@d20cm
225 2  @a新编现代生活系列丛书
330    @a本书搜集百姓在日常生活中积累下来的各种生活小窍门,包括民间传统食疗;健康小窍门;吃、穿、用等。
461  0 @12001 @a新编现代生活系列丛书
606 0  @a生活@x知识
606 0  @a生活
606 0  @a家庭管理
690    @aS976@v4
690    @aTS976@v3
701  0 @a纪丹丹@9ji dan dan@4主编
801  0 @aCN@bLZJBOOK@c20070127
905    @a10447@dTS976@e192
    
    生活小窍门/纪丹丹主编.-北京:中国社会出版社,2004
    26,352页;20cm.-(新编现代生活系列丛书)
    
    
    ISBN 7-5087-0191-7:CNY29.80
    本书搜集百姓在日常生活中积累下来的各种生活小窍门,包括民间传统食疗;健康小窍门;吃、穿、用等。
●
相关链接 在E读中查询图书 在五车中查询图书 在当当中查询图书 在豆瓣中查询图书


正题名:生活小窍门     索取号:TS976/192         预约/预借

序号 登录号 条形码 馆藏地/架位号 状态 备注
1 0505724   205057249   第三借阅区/ [索取号:TS976/192] 在馆    
2 0505725   205057258   第三借阅区/ [索取号:TS976/192] 在馆    
3 0505726   205057267   第三借阅区/ [索取号:TS976/192] 在馆    
4 0505727   205057276   第三借阅区/ [索取号:TS976/192] 在馆    
5 0505728   205057285   第三借阅区/ [索取号:TS976/192] 在馆    
6 0505729   205057294   第三借阅区/ [索取号:TS976/192] 在馆    
7 0505730   205057301   第三借阅区/ [索取号:TS976/192] 在馆    
8 0505731   205057310   第三借阅区/ [索取号:TS976/192] 在馆    
9 0550976   205509760   第二样本阅览室/ [索取号:TS976/192] 在馆    
10 0550977   205509779   第三借阅区/ [索取号:TS976/192] 在馆    
11 0550978   205509788   第三借阅区/ [索取号:TS976/192] 在馆    
12 0550979   205509797   第三借阅区/ [索取号:TS976/192] 在馆    
13 0550980   205509804   第三借阅区/ [索取号:TS976/192] 在馆    
14 0550981   205509813   第三借阅区/ [索取号:TS976/192] 在馆    
唐山师范学院图书馆 欢迎您!
大连网信软件有限公司© 版权所有